000 01909nam a2200301Ia 4500
003 OSt
005 20210204172901.0
008 191128s1995 ck ad fr 000 0dspa d
020 _a9589272487
040 _aCO-JMCR
_cCO-JMCR
041 0 _aspa
082 0 4 _a330.0202 /
_bP981e
_223
100 1 _aPulecio, Jorge,
_eautor
_95492
245 1 0 _aEconomía para todos /
_cJorge Pulecio, Salomón Kalmanovitz y Beethoven Herrera [y otros 5]
250 _aPrimera edición
260 _aBogotá :
_bFescol,
_c1995
300 _a242 páginas :
_bgráficos a blanco y negro ;
_c21 cm.
500 _aIncluye notas a pie de página y datos biográficos de los autores.
504 _aBibliografía al final de cada capítulo.
505 0 _aIntroducción a la economía -- Historia de las teorías del desarrollo económico -- Escuelas y modelos económicos -- Macroeconomía elemental -- Microeconomía neoclásica -- Economía de la empresa -- Economía del trabajo -- Economía internacional -- La política de apertura
520 3 _aTodos tenemos nociones intuitivas de lo que es economía, pero la interpretación sistemática de estas nociones, hasta alcanzar a entender la naturaleza y el origen de los fenómenos identificados, las relaciones de causalidad y efecto no es común a todos. Este volumen ofrece a aquellos que no se mueven con propiedad en la interpretación de los fenómenos económicos una excelente introducción a la historia de la economía, a las escuelas y a los modelos económicos, a la macroeconomía elemental y a la microeconomía clásica, a la política monetaria, a la economía de la empresa y del trabajo y a la economía internacional.
650 1 4 _aEconomía
_95493
650 1 4 _aTeoría económica
_95494
650 1 4 _aEconomía gerencial
_95495
700 1 _aKalmanovitz, Salomón,
_eautor
_95368
700 1 _aHerrera, Beethoven,
_eautor
_95496
942 _2ddc
_cBK
999 _c5350
_d5350